500 footballeurs en photos. - Statistiques

Statistiques générales
  • Ce quiz a été pris 383 fois
  • Le résultat moyen est 231 sur 500
Statistiques - réponses
Par images Réponse % Correct
Cristiano Ronaldo
100%
Lionel Messi
100%
Pelé
99%
Zinédine Zidane
99%
Diego Maradona
98%
Kylian Mbappé
98%
Neymar
98%
Ronaldinho
98%
Ronaldo
95%
Thierry Henry
95%
Luka Modrić
94%
Sergio Ramos
93%
Gianluigi Buffon
91%
Paul Pogba
91%
Antoine Griezmann
90%
Johan Cruyff
90%
Zlatan Ibrahimović
90%
Andrés Iniesta
89%
Manuel Neuer
88%
Kevin De Bruyne
87%
Luis Suárez
87%
Michel Platini
87%
Robert Lewandowski
87%
Didier Deschamps
86%
Karim Benzema
86%
Mohamed Salah
86%
Erling Haaland
85%
Toni Kroos
85%
Franck Ribéry
84%
Ousmane Dembélé
84%
Xavi
84%
Harry Kane
83%
Thibaut Courtois
83%
Eden Hazard
82%
Lamine Yamal
82%
Marcelo
82%
Mesut Özil
82%
N'Golo Kanté
82%
Virgil van Dijk
82%
Iker Casillas
81%
Marco Verratti
81%
Olivier Giroud
81%
Vinicius Júnior
81%
Ángel Di María
79%
Gareth Bale
79%
Paolo Maldini
79%
Achraf Hakimi
78%
Thiago Silva
78%
Dimitri Payet
77%
Hugo Lloris
77%
Thomas Müller
77%
Wayne Rooney
77%
Arjen Robben
76%
Dani Alves
76%
Jude Bellingham
76%
Sadio Mané
76%
Marquinhos
75%
Pedri
75%
Andrea Pirlo
74%
Franz Beckenbauer
74%
Samuel Eto'o
74%
Sergio Agüero
74%
Sergio Busquets
74%
Steven Gerrard
74%
Carles Puyol
73%
Didier Drogba
73%
Riyad Mahrez
73%
Éric Cantona
72%
Eusébio
72%
Francesco Totti
72%
Lautaro Martínez
72%
Marc-André ter Stegen
72%
Mario Balotelli
72%
Raphaël Varane
72%
Rodri
72%
Giorgio Chiellini
71%
Ruud Gullit
71%
Alexandre Lacazette
70%
Alisson
70%
Vincent Kompany
70%
Xabi Alonso
70%
Edinson Cavani
69%
Fernando Torres
69%
Marcel Desailly
69%
Romelu Lukaku
69%
Son Heung-min
69%
Cole Palmer
68%
Frenkie de Jong
68%
Gianluigi Donnarumma
68%
Pierre-Emerick Aubameyang
68%
Roberto Carlos
68%
Samuel Umtiti
68%
Benjamin Pavard
67%
Bruno Fernandes
67%
Gerard Piqué
67%
Kaká
67%
Robin van Persie
67%
Dani Carvajal
66%
David Luiz
66%
Emiliano Martínez
66%
George Weah
66%
Jamal Musiala
66%
Patrick Vieira
66%
Phil Foden
66%
Yann Sommer
66%
Adrien Rabiot
65%
Aurélien Tchouaméni
65%
Bernardo Silva
65%
Blaise Matuidi
65%
Declan Rice
65%
Fabien Barthez
65%
Gonzalo Higuaín
65%
Jan Oblak
65%
Jules Koundé
65%
Marco van Basten
65%
Rodrygo
65%
Thiago Motta
65%
Bukayo Saka
64%
James Rodríguez
64%
Pepe
64%
Raphinha
64%
Steve Mandanda
64%
Désiré Doué
63%
Frank Lampard
63%
Lucas Hernandez
63%
Luís Figo
63%
Memphis Depay
63%
Patrice Évra
63%
Radamel Falcao
63%
Roberto Baggio
63%
David Alaba
62%
Ferenc Puskás
62%
Javier Pastore
62%
Nabil Fékir
62%
Alfredo Di Stéfano
61%
Casemiro
61%
Corentin Tolisso
61%
Ederson
61%
Federico Valverde
61%
Florian Wirtz
61%
Georges Best
61%
Isco
61%
Juninho
61%
Kyle Walker
61%
Marcus Rashford
61%
Rayan Cherki
61%
Samir Nasri
61%
Arturo Vidal
60%
Cafu
60%
David de Gea
60%
Emmanuel Petit
60%
Federico Chiesa
60%
Gavi
60%
Ivan Rakitić
60%
Joshua Kimmich
60%
Keylor Navas
60%
Nico Williams
60%
William Saliba
60%
David Beckham
59%
David Villa
59%
Diogo Jota
59%
Fabio Cannavaro
59%
Jean-Pierre Papin
59%
Martin Ødegaard
59%
Petr Čech
59%
Philipp Lahm
59%
Victor Osimhen
59%
Yassine Bounou
59%
Yaya Touré
59%
Alexis Sánchez
58%
Dennis Bergkamp
58%
Djibril Cissé
58%
Fabián Ruiz
58%
Harry Maguire
58%
Hatem Ben Arfa
58%
Jérémy Doku
58%
Julián Alvarez
58%
Paulo Dybala
58%
Raheem Sterling
58%
Rio Ferdinand
58%
Bobby Charlton
57%
Julian Draxler
57%
Mats Hummels
57%
Nicolas Anelka
57%
Pauleta
57%
Rivaldo
57%
Alphonso Davies
56%
Arda Güler
56%
İlkay Gündoğan
56%
João Neves
56%
Marco Reus
56%
Mauro Icardi
56%
Xherdan Shaqiri
56%
Álvaro Morata
55%
Jamie Vardy
55%
Jérôme Boateng
55%
Leroy Sané
55%
Rúben Dias
55%
Alexander Isak
54%
Andriy Shevchenko
54%
Ciro Immobile
54%
David Silva
54%
Diego Forlán
54%
Garrincha
54%
Hulk
54%
Laurent Blanc
54%
Leonardo Bonucci
54%
Lucas Moura
54%
Marco Asensio
54%
Oliver Kahn
54%
Axel Witsel
53%
Bixente Lizarazu
53%
Gennaro Gattuso
53%
John Terry
53%
Juan Cuadrado
53%
Matthijs de Ligt
53%
Pavel Nedvěd
53%
Philippe Coutinho
53%
Thiago Alcântara
53%
Wesley Sneijder
53%
Javier Mascherano
52%
Lothar Matthäus
52%
Raymond Kopa
52%
Antony
51%
Edin Džeko
51%
Ezequiel Lavezzi
51%
Hakim Ziyech
51%
Juan Mata
51%
Mario Götze
51%
Mario Mandžukić
51%
Nani
51%
Nicolò Barella
51%
Lev Yachine
50%
Miroslav Klose
50%
Peter Schmeichel
50%
Ricardo Quaresma
50%
Robert Pirès
50%
Adriano
49%
Alessandro Del Piero
49%
Cesc Fàbregas
49%
Claude Makélélé
49%
David Trezeguet
49%
Franco Baresi
49%
Gerd Müller
49%
Khvicha Kvaratskhelia
49%
Viktor Gyökeres
49%
Basile Boli
48%
Christian Pulisic
48%
Darwin Núñez
48%
Gabriel
48%
Granit Xhaka
48%
Guillermo Ochoa
48%
Koke
48%
Marouane Fellaini
48%
Mateo Kovačić
48%
Timo Werner
48%
Alessandro Bastoni
47%
Dusan Vlahovic
47%
Maxwell
47%
Paul Scholes
47%
Reece James
47%
Ronald Koeman
47%
Yoann Gourcuff
47%
Zico
47%
Bastian Schweinsteiger
46%
David Ginola
46%
Fernandinho
46%
Frank Lebœuf
46%
Leon Goretzka
46%
Marek Hamšík
46%
Michael Ballack
46%
Michael Essien
46%
Sami Khedira
46%
Willian
46%
Diego Godín
45%
Dries Mertens
45%
Edgar Davids
45%
Nemanja Vidić
45%
Patrick Kluivert
45%
Víctor Valdés
45%
Carlos Tévez
44%
Edwin van der Sar
44%
Iago Aspas
44%
Marcel Sabitzer
44%
Pedro
44%
Ryan Giggs
44%
Scott McTominay
44%
Sócrates
44%
Wojciech Szczęsny
44%
Javier Hernández
43%
Luiz Gustavo
43%
Alessandro Nesta
42%
Clarence Seedorf
42%
Douglas Costa
42%
Emre Can
42%
Florent Malouda
42%
Javier Zanetti
42%
Lorenzo Insigne
42%
Raúl
42%
Romário
42%
Rúben Neves
42%
Sandro Tonali
42%
André Ayew
41%
Arda Turan
41%
Jan Vertonghen
41%
Kenan Yıldız
41%
Sol Campbell
41%
Youri Djorkaeff
41%
Dominik Szoboszlai
40%
Islam Slimani
40%
Moisés Caicedo
40%
Unai Simón
40%
Christophe Dugarry
39%
Claudio Marchisio
39%
João Moutinho
39%
Joe Hart
39%
Júlio César
39%
Radja Nainggolan
39%
Roy Keane
39%
Alan Shearer
38%
Grégory Coupet
38%
Henrikh Mkhitaryan
38%
Rudi Völler
38%
Theo Walcott
38%
Antonio Valencia
37%
Bernard Lama
37%
Daniele De Rossi
37%
Deco
37%
Marius Trésor
37%
Mickaël Landreau
37%
Raí
37%
Sonny Anderson
37%
Abedi Pelé
36%
Dida
36%
Filippo Inzaghi
36%
Frank Rijkaard
36%
Juan Sebastián Verón
36%
Klaas-Jan Huntelaar
36%
Marcelo Brozović
36%
Santi Cazorla
36%
Kamil Glik
35%
Mario Gómez
35%
Oscar
35%
Robinho
35%
Samir Handanovič
35%
Davor Šuker
33%
Dimitar Berbatov
33%
Guti
33%
Hernán Crespo
33%
Keisuke Honda
33%
Nico Schlotterbeck
33%
Ruud van Nistelrooy
33%
Tim Cahill
33%
Cris
32%
Fernando Hierro
32%
Fernando Muslera
32%
Lisandro López
32%
Jairzinho
31%
Landon Donovan
31%
Park Ji-sung
31%
William Gallas
31%
Antonio Di Natale
30%
Clint Dempsey
30%
Lukas Podolski
30%
Rui Costa
30%
Diego Milito
29%
Henrik Larsson
29%
Andreï Archavine
28%
Dino Zoff
28%
Jack Wilshere
28%
Jay-Jay Okocha
28%
Just Fontaine
28%
Michael Owen
28%
Ricardo Carvalho
28%
Roger Milla
28%
Tomáš Rosický
28%
Carlos Valderrama
27%
Gabriel Batistuta
27%
Luis Fernandez
27%
Matthias Sammer
27%
Alain Giresse
26%
Benjamin Šeško
26%
Gabriel Heinze
26%
Lúcio
26%
Marouane Chamakh
26%
Ramires
26%
Vincent Enyeama
26%
Hugo Sánchez
25%
Johan Micoud
25%
Juan Román Riquelme
25%
Martin Škrtel
25%
Shinji Kagawa
25%
Tim Howard
25%
Bobby Moore
24%
Dominique Rocheteau
24%
Sylvain Wiltord
24%
Carlos Alberto
23%
Emilio Butragueño
23%
Fabian Schär
23%
Goran Pandev
23%
Ian Wright
23%
Jean Tigana
23%
Jerzy Dudek
23%
René Higuita
23%
Robbie Keane
23%
Stanislav Lobotka
23%
Andrea Barzagli
21%
Asamoah Gyan
21%
Daniel Van Buyten
21%
Hidetoshi Nakata
21%
Alexander Frei
20%
Esteban Cambiasso
20%
Fernando Morientes
20%
Kim Källström
20%
Luis Muriel
20%
Stephan Lichtsteiner
20%
Ian Rush
19%
Maicon
19%
Michael Laudrup
19%
Gianluca Zambrotta
18%
Hristo Stoitchkov
18%
Joël Bats
17%
Kenny Dalglish
17%
Kóstas Manolás
17%
Christian Vieri
16%
Cláudio Taffarel
16%
Gianfranco Zola
16%
Giovani dos Santos
16%
Paul Gascoigne
16%
Rafael van der Vaart
16%
Gheorghe Hagi
15%
Jari Litmanen
15%
José Luis Chilavert
15%
Gary Lineker
14%
Jürgen Klinsmann
14%
Mario Kempes
14%
Bernard Lacombe
13%
Frank de Boer
13%
Manuel Amoros
13%
Roy Makaay
13%
Giuseppe Meazza
12%
Joe Cole
12%
Nuno Gomes
12%
Zé Roberto
12%
Karl-Heinz Rummenigge
11%
Gilberto Silva
10%
Kevin Keegan
10%
Nigel de Jong
10%
Paolo Rossi
10%
Rabah Madjer
10%
Safet Sušić
10%
Tomas Brolin
10%
Claudio Pizarro
9%
Edmílson
9%
Maxime Bossis
9%
Andoni Zubizarreta
8%
Dejan Stanković
8%
Enzo Francescoli
8%
Michel Preud'homme
8%
Pablo Aimar
8%
Paco Gento
8%
Stanley Matthews
8%
Cha Bum-geun
7%
Delio Onnis
7%
Gordon Banks
7%
Marc Wilmots
7%
Gianni Rivera
6%
Iván Zamorano
6%
Joan Capdevila
6%
Paul Breitner
6%
Daniel Passarella
5%
Gianluca Vialli
5%
Harry Kewell
5%
Johan Neeskens
5%
Oliver Bierhoff
5%
Paulo Futre
5%
Sepp Maier
5%
Denis Law
4%
Giacinto Facchetti
4%
Giorgos Karagounis
4%
Johnny Rep
4%
Rivelino
4%
Steve McManaman
4%
Alex
3%
Didi
3%
Jean-Marie Pfaff
3%
Luigi Riva
3%
Predrag Mijatović
3%
Uwe Seeler
3%
Igor Belanov
2%
Jürgen Kohler
2%
László Kubala
2%
Roger Piantoni
2%
Ruud Krol
2%
Sándor Kocsis
2%
Sandro Mazzola
2%
Allan Simonsen
1%
Gunnar Andersson
1%
Wilfried Van Moer
1%
Billy Wright
0%
Aucun quiz correspondant
Distribution des résultats
% des personnes avec chaque résultat
Percentile par nombre de réponses
Votre historique - résultats
Vous n’avez pas pris ce quiz